| 000 | 00454cam a2200181ua 4500 | ||
|---|---|---|---|
| 020 | _cRS 3.00 | ||
| 041 |
_aeng _h |
||
| 082 |
_a824 _bBAL/PE |
||
| 100 | _aBalakrishna Menon, T C . | ||
| 245 |
_aPeeps into English prose / _cT C Balakrishna Menon. _hTextual Documents |
||
| 250 |
_a / _b. |
||
| 260 |
_aLondon : _bBlackie & Son Ltd , _c1971. |
||
| 300 | _a134 ; . | ||
| 365 | _aRS 3.00 | ||
| 504 | _a | ||
| 942 | _cBK | ||
| 999 |
_c3964 _d3964 |
||